Phân tích các yếu tố ảnh hưởng đến hiệu quả hoạt động kinh doanh các hợp tác xã nông nghiệp trên địa bàn tỉnh Hậu Giang : Luận văn Thạc sĩ Kinh tế. Chuyên ngành Kinh tế nông nghiệp

Đề tài nghiên cứu nhằm xác định những yếu tố tác đông, ̣ hạn chế, khó khăn trong quá trình hoạt động kinh doanh của hợp tác xã nông nghiệp, đồng thời đề xuất giải pháp để nâng cao hiệu quả hoạt động kinh doanh các hợp tác xã nông nghiệp...

תיאור מלא

שמור ב:
מידע ביבליוגרפי
מחבר ראשי: Nguyễn, Văn Linh
פורמט: ספר
שפה:Undetermined
יצא לאור: Cần Thơ Trường Đại học Cần Thơ 2019
נושאים:
תגים: הוספת תג
אין תגיות, היה/י הראשונ/ה לתייג את הרשומה!
Thư viện lưu trữ: Trung tâm Học liệu Trường Đại học Cần Thơ
LEADER 01368nam a2200217Ia 4500
001 CTU_229954
008 210402s9999 xx 000 0 und d
082 |a 334.683 
082 |b L312 
088 |a 8620115 
100 |a Nguyễn, Văn Linh 
245 0 |a Phân tích các yếu tố ảnh hưởng đến hiệu quả hoạt động kinh doanh các hợp tác xã nông nghiệp trên địa bàn tỉnh Hậu Giang : 
245 0 |b Luận văn Thạc sĩ Kinh tế. Chuyên ngành Kinh tế nông nghiệp 
245 0 |c Nguyễn Văn Linh ; Dương Ngọc Thành (Cán bộ hướng dẫn) 
260 |a Cần Thơ 
260 |b Trường Đại học Cần Thơ 
260 |c 2019 
520 |a Đề tài nghiên cứu nhằm xác định những yếu tố tác đông, ̣ hạn chế, khó khăn trong quá trình hoạt động kinh doanh của hợp tác xã nông nghiệp, đồng thời đề xuất giải pháp để nâng cao hiệu quả hoạt động kinh doanh các hợp tác xã nông nghiệp trên địa bàn tỉnh Hậu Giang trong thời gian tới. 
650 |a Agriculture, Cooperative,Hợp tác xã nông nghiệp 
910 |b nthai 
980 |a Trung tâm Học liệu Trường Đại học Cần Thơ